Albums studios de Jean-Jacques Goldman - Statistiques

Statistiques générales
  • Ce quiz a été pris 27 fois
  • Le résultat moyen est 7 sur 9
Statistiques - réponses
Groupe Année Titre % Correct
En solo 2001 Chansons pour les pieds
95%
En solo 1997 En passant
95%
En solo 1987 Entre gris clair et gris foncé
95%
Avec Fredericks Goldman Jones 1993 Rouge
91%
En solo 1982 Jean-Jacques Goldman (Minoritaire)
77%
Avec Fredericks Goldman Jones 1990 Fredericks Goldman Jones
73%
En solo 1985 Non homologué
73%
En solo 1984 Positif
73%
En solo 1981 Jean-Jacques Goldman (Démodé)
68%
Aucun quiz correspondant
Distribution des résultats
% des personnes avec chaque résultat
Percentile par nombre de réponses
Votre historique - résultats
Vous n’avez pas pris ce quiz